[Event "ODEM U25A 2011"]
[Site "Oberhof GER"]
[Date "2011.06.14"]
[Round "4"]
[White "Becker, Matthias"]
[Black "Mann, Johannes"]
[Result "1/2-1/2"]
[Termination "normal"]
[Board "19"]
[WhiteElo "1912"]
[BlackElo "1785"]
[PlyCount "122"]
[WhiteFideId "12915564"]
[BlackFideId "24691380"]
[EventCountry "GER"]
[EventRounds "9"]
[EventType "swiss"]
[EventDate "2011.06.11"]

1. e4 d6 2. d4 Nf6 3. Nc3 g6 4. f4 Bg7 5. Nf3 c5 6. dxc5 Qa5 7. Bd3 Qxc5 8. Qe2
a6 9. Be3 Qc7 10. O-O Nc6 11. Kh1 O-O 12. a4 Bg4 13. Qf2 Bxf3 14. gxf3 e6 15.
a5 Qe7 16. Rfd1 Nd7 17. Na4 Nxa5 18. Nb6 Nxb6 19. Bxb6 Nc6 20. e5 dxe5 21. Bc5
Qc7 22. Bxf8 Rxf8 23. fxe5 Bxe5 24. c3 Rd8 25. Be4 Rd6 26. Qe2 Qd7 27. Rxd6
Qxd6 28. Rd1 Qc7 29. Qd2 Kg7 30. Bxc6 Qxc6 31. Qe2 Qc7 32. c4 h6 33. b3 h5 34.
Rd3 Kh7 35. Qd1 Kg7 36. Qd2 Qc6 37. Qe3 Qc7 38. Rd2 Bf4 39. Qc3+ Kg8 40. Re2
Qc6 41. Qd3 Qc7 42. b4 Bd6 43. c5 Bf4 44. Rc2 Qe7 45. Qe4 Qh4 46. Rg2 Kg7 47.
Rc2 Kg8 48. Qe2 Qh3 49. Qg2 Qh4 50. Qe2 Qh3 51. Kg1 Qh4 52. c6 bxc6 53. Rxc6
Qg5+ 54. Kh1 Be3 55. Qf1 Qd5 56. Rxa6 Qd2 57. Ra1 Qxb4 58. Qe2 Bd4 59. Rd1 Bf6
60. Rc1 Qb7 61. Qe4 Qxe4 1/2-1/2

[Event "ODEM U25A 2011"]
[Site "Oberhof GER"]
[Date "2011.06.14"]
[Round "4"]
[White "Planner, Jörg"]
[Black "Humburg, Philipp"]
[Result "0-1"]
[Termination "normal"]
[Board "20"]
[WhiteElo "1844"]
[BlackElo "1672"]
[PlyCount "98"]
[WhiteFideId "1270978"]
[BlackFideId "24656151"]
[EventCountry "GER"]
[EventRounds "9"]
[EventType "swiss"]
[EventDate "2011.06.11"]

1. e4 c5 2. Nc3 d6 3. f4 Nc6 4. Nf3 e6 5. Bc4 Nge7 6. d3 g6 7. O-O Bg7 8. f5
exf5 9. exf5 Bxf5 10. Qe1 O-O 11. Bg5 h6 12. Qh4 Be6 13. g4 d5 14. Bb5 Qd7 15.
Bxh6 Bxg4 16. Bxg7 Kxg7 17. Ne5 Nf5 18. Nxd7 Nxh4 19. Nxf8 Rxf8 20. Nxd5 Nf3+
21. Kg2 Ncd4 22. Ne3 Bh5 23. Bc4 Re8 24. Kf2 f5 25. Rfe1 f4 26. Ng2 Nxe1 27.
Rxe1 Rxe1 28. Nxe1 g5 29. c3 Nf5 30. h3 Ne3 31. Bb3 Nd1+ 32. Bxd1 Bxd1 33. Nf3
Kf6 34. Nd2 Kg6 35. Ne4 b6 36. Nd6 Kh5 37. Nf5 Ba4 38. Kf3 Bc6+ 39. Kf2 Bd7 40.
Nd6 Bxh3 41. d4 g4 42. Ne4 Kh4 43. dxc5 g3+ 44. Kg1 bxc5 45. Nxc5 Bf5 46. Nb3
f3 47. Nd2 f2+ 48. Kg2 Bh3+ 49. Kh1 g2+ 0-1

[Event "ODEM U25A 2011"]
[Site "Oberhof GER"]
[Date "2011.06.14"]
[Round "4"]
[White "Stark, Timo"]
[Black "Hoffmann, Tim"]
[Result "1/2-1/2"]
[Termination "normal"]
[Board "22"]
[WhiteElo "1842"]
[BlackElo "1673"]
[PlyCount "48"]
[WhiteFideId "4670183"]
[BlackFideId "12900338"]
[EventCountry "GER"]
[EventRounds "9"]
[EventType "swiss"]
[EventDate "2011.06.11"]

1. d4 Nf6 2. Nd2 d5 3. Ngf3 Bf5 4. c4 e6 5. e3 Nbd7 6. Qb3 Qb8 7. cxd5 exd5 8.
Ne5 c6 9. Nxd7 Bxd7 10. Bd3 Bd6 11. f4 O-O 12. Nf3 Qc7 13. O-O Ne4 14. Ne5 Bxe5
15. fxe5 Be6 16. Qc2 f5 17. exf6 Nxf6 18. Be2 Ne4 19. Bd2 Nxd2 20. Qxd2 Bf5 21.
Bd3 Bxd3 22. Qxd3 Qe7 23. Rxf8+ Rxf8 24. Rf1 Rxf1+ 1/2-1/2

[Event "ODEM U25A 2011"]
[Site "Oberhof GER"]
[Date "2011.06.14"]
[Round "4"]
[White "Meulner, Fabian"]
[Black "Nehls, Benedikt"]
[Result "0-1"]
[Termination "normal"]
[Board "23"]
[WhiteElo "1823"]
[BlackElo "1894"]
[PlyCount "38"]
[WhiteFideId "12913936"]
[BlackFideId "24656771"]
[EventCountry "GER"]
[EventRounds "9"]
[EventType "swiss"]
[EventDate "2011.06.11"]

1. d4 g6 2. Nc3 Nf6 3. Bg5 Bg7 4. Qd2 c5 5. d5 O-O 6. e4 d6 7. f4 b5 8. Bxb5
Qa5 9. Be2 Nbd7 10. Nf3 Rb8 11. O-O Rxb2 12. e5 dxe5 13. fxe5 Ng4 14. Bxe7 Re8
15. d6 Ngxe5 16. Nd5 Nxf3+ 17. Rxf3 Qxd2 18. Nc7 Rf8 19. Bxf8 Bxf8 0-1

[Event "ODEM U25A 2011"]
[Site "Oberhof GER"]
[Date "2011.06.14"]
[Round "4"]
[White "Garbe, Maximilian"]
[Black "Zimmer, Ketsarin"]
[Result "1/2-1/2"]
[Termination "normal"]
[Board "25"]
[WhiteElo "1686"]
[BlackElo "1748"]
[PlyCount "49"]
[WhiteFideId "12913855"]
[BlackFideId "4696182"]
[EventCountry "GER"]
[EventRounds "9"]
[EventType "swiss"]
[EventDate "2011.06.11"]

1. e4 e5 2. Nf3 Nc6 3. Bb5 a6 4. Bxc6 dxc6 5. O-O Bg4 6. h3 Bh5 7. g4 Bg6 8.
Nxe5 Qh4 9. Qf3 f6 10. Nxg6 hxg6 11. Kg2 g5 12. d3 Ne7 13. Rh1 Ng6 14. Qg3 Bd6
15. Qxh4 Nxh4+ 16. Kf1 O-O-O 17. Nd2 Rh7 18. Nc4 Rdh8 19. Nxd6+ cxd6 20. Be3
Ng6 21. Kg2 Nf4+ 22. Bxf4 gxf4 23. f3 g5 24. Rae1 Kd7 25. a3 1/2-1/2

[Event "ODEM U25A 2011"]
[Site "Oberhof GER"]
[Date "2011.06.14"]
[Round "4"]
[White "Hoffmann, Dustin"]
[Black "Diller, Daniel"]
[Result "0-1"]
[Termination "normal"]
[Board "27"]
[WhiteElo "1728"]
[BlackElo "1779"]
[PlyCount "68"]
[WhiteFideId "1270566"]
[BlackFideId "12908983"]
[EventCountry "GER"]
[EventRounds "9"]
[EventType "swiss"]
[EventDate "2011.06.11"]

1. e4 e6 2. d4 d5 3. exd5 exd5 4. Bd3 Bd6 5. Nf3 Ne7 6. O-O O-O 7. c3 Bf5 8.
Be3 Nbc6 9. Qc2 Qd7 10. Nbd2 Bxd3 11. Qxd3 Qf5 12. Qxf5 Nxf5 13. Rae1 Rfe8 14.
g4 Nfe7 15. Re2 f5 16. h3 f4 17. Rfe1 fxe3 18. Rxe3 Bf4 19. R3e2 Kf7 20. Nb3
Ng6 21. h4 Rxe2 22. Rxe2 Re8 23. Rxe8 Kxe8 24. h5 Nf8 25. Nc5 b6 26. Nd3 Bd6
27. Nh4 Ne6 28. Nf5 Kd7 29. f3 Ne7 30. Ne5+ Bxe5 31. dxe5 Nc6 32. f4 Nxf4 33.
Nxg7 Nxe5 34. g5 Nfd3 0-1

[Event "ODEM U25A 2011"]
[Site "Oberhof GER"]
[Date "2011.06.14"]
[Round "4"]
[White "Stark, Sven"]
[Black "Müller, Max"]
[Result "1/2-1/2"]
[Termination "normal"]
[Board "28"]
[WhiteElo "1857"]
[BlackElo "1639"]
[PlyCount "67"]
[WhiteFideId "4670124"]
[BlackFideId "12900486"]
[EventCountry "GER"]
[EventRounds "9"]
[EventType "swiss"]
[EventDate "2011.06.11"]

1. e4 e6 2. d4 d5 3. exd5 exd5 4. Bd3 Bd6 5. Nf3 Nc6 6. O-O Bg4 7. c3 Qd7 8. b4
Nge7 9. Bg5 O-O 10. Nbd2 h6 11. Bh4 Nf5 12. Bg3 Nxg3 13. hxg3 Rae8 14. Qa4 a6
15. Qb3 Ne7 16. Rae1 c6 17. Ne5 Bxe5 18. Rxe5 Nc8 19. Rfe1 Rxe5 20. Rxe5 Re8
21. Rxe8+ Qxe8 22. Qb1 Nd6 23. Kf1 g6 24. Qe1 Qxe1+ 25. Kxe1 Be6 26. Nb3 f5 27.
Nc5 Bc8 28. f3 Kf7 29. a4 b5 30. a5 Nc4 31. Ke2 Kf6 32. Bc2 g5 33. f4 g4 34.
Bd3 1/2-1/2

[Event "ODEM U25A 2011"]
[Site "Oberhof GER"]
[Date "2011.06.14"]
[Round "4"]
[White "Wastian, Jan"]
[Black "Münch, Marlene"]
[Result "1-0"]
[Termination "normal"]
[Board "29"]
[WhiteElo "1524"]
[BlackElo "1839"]
[PlyCount "111"]
[WhiteFideId "12911640"]
[BlackFideId "24639222"]
[EventCountry "GER"]
[EventRounds "9"]
[EventType "swiss"]
[EventDate "2011.06.11"]

1. e4 e6 2. d4 d5 3. e5 c5 4. c3 Nc6 5. Nf3 Bd7 6. Bd3 Qb6 7. Bc2 f6 8. O-O
fxe5 9. Nxe5 Nxe5 10. dxe5 O-O-O 11. b3 Ne7 12. Be3 Qc7 13. f4 Nc6 14. Nd2 Be7
15. Nf3 h6 16. Bg6 Be8 17. Qc2 Qd7 18. Rad1 Kb8 19. Bxe8 Qxe8 20. f5 exf5 21.
Qxf5 g5 22. Qe6 d4 23. cxd4 cxd4 24. Nxd4 Nxd4 25. Rxd4 Rc8 26. Qd7 Bc5 27.
Qxe8 Rhxe8 28. Re4 Rc6 29. Bxc5 Rxc5 30. e6 Kc7 31. Rf2 Rc1+ 32. Rf1 Rxf1+ 33.
Kxf1 Kd6 34. Kf2 Rxe6 35. Ke3 Rxe4+ 36. Kxe4 Ke6 37. g4 b6 38. b4 Kf6 39. Kd5
h5 40. h3 hxg4 41. hxg4 b5 42. Kd6 a6 43. a3 Kf7 44. Ke5 Ke7 45. Kf5 Kd6 46.
Kxg5 Kd5 47. Kf5 Kc4 48. g5 Kb3 49. g6 Kxa3 50. g7 Kxb4 51. g8=Q a5 52. Qa2 a4
53. Ke4 Ka5 54. Kd4 b4 55. Kc4 b3 56. Qa3 1-0

[Event "ODEM U25A 2011"]
[Site "Oberhof GER"]
[Date "2011.06.14"]
[Round "4"]
[White "Leyrer, Thomas"]
[Black "Kobozeva, Victoria"]
[Result "1/2-1/2"]
[Termination "normal"]
[Board "31"]
[WhiteElo "1609"]
[BlackElo "1713"]
[PlyCount "86"]
[WhiteFideId "12908274"]
[BlackFideId "24133680"]
[EventCountry "GER"]
[EventRounds "9"]
[EventType "swiss"]
[EventDate "2011.06.11"]

1. d4 Nf6 2. c4 g6 3. Nf3 Bg7 4. Nc3 O-O 5. Bg5 d6 6. h3 c5 7. e3 cxd4 8. Nxd4
Nc6 9. Be2 Bd7 10. O-O Rc8 11. Nxc6 Bxc6 12. Rc1 Qb6 13. b3 Rfe8 14. Rc2 a5 15.
Bf3 Bxf3 16. Qxf3 Qc6 17. Qxc6 Rxc6 18. Rd1 h6 19. Bh4 Rec8 20. Nd5 Nxd5 21.
Rxd5 g5 22. Bg3 Rc5 23. Rxc5 Rxc5 24. e4 b5 25. Kf1 a4 26. Ke2 axb3 27. axb3
bxc4 28. Rxc4 Rxc4 29. bxc4 Bd4 30. f3 Kg7 31. Kd3 Bc5 32. Be1 Kg6 33. Bc3 f5
34. g4 fxg4 35. fxg4 e6 36. Kc2 h5 37. Kb3 hxg4 38. hxg4 Kf7 39. Ka4 Ke7 40.
Kb5 Be3 41. Kc6 Bf4 42. c5 dxc5 43. Kxc5 Kd7 1/2-1/2

[Event "ODEM U25A 2011"]
[Site "Oberhof GER"]
[Date "2011.06.14"]
[Round "4"]
[White "Orhan, Eda"]
[Black "Kardoeus, David"]
[Result "1-0"]
[Termination "normal"]
[Board "32"]
[WhiteElo "1759"]
[BlackElo "1730"]
[PlyCount "49"]
[WhiteFideId "24659258"]
[BlackFideId "12912050"]
[EventCountry "GER"]
[EventRounds "9"]
[EventType "swiss"]
[EventDate "2011.06.11"]

1. d4 c5 2. e3 Nf6 3. Nf3 e6 4. Bd3 Nc6 5. O-O d5 6. b3 Bd7 7. Bb2 Qc7 8. a3
cxd4 9. exd4 Bd6 10. Nbd2 O-O 11. Qe2 Rfe8 12. Ne5 Rac8 13. f4 Qb6 14. Ndf3 Nh5
15. Nxd7 Qc7 16. Nde5 f6 17. Nxc6 Nxf4 18. Qd2 bxc6 19. Rae1 e5 20. Bf5 Rcd8
21. dxe5 fxe5 22. g3 Nh5 23. Ng5 g6 24. Be6+ Kg7 25. Rf7+ 1-0

[Event "ODEM U25A 2011"]
[Site "Oberhof GER"]
[Date "2011.06.14"]
[Round "4"]
[White "Marx, Inga"]
[Black "Brühan, Caren"]
[Result "1-0"]
[Termination "normal"]
[Board "33"]
[WhiteElo "1773"]
[BlackElo "1637"]
[PlyCount "89"]
[WhiteFideId "4654749"]
[BlackFideId "24691976"]
[EventCountry "GER"]
[EventRounds "9"]
[EventType "swiss"]
[EventDate "2011.06.11"]

1. e4 c5 2. Nf3 Nc6 3. d4 cxd4 4. Nxd4 g6 5. g3 Bg7 6. Be3 Nf6 7. Bg2 O-O 8.
O-O d6 9. h3 a6 10. Nc3 Bd7 11. Kh2 Rc8 12. f4 Nxd4 13. Bxd4 Bc6 14. a4 Qc7 15.
a5 Rfe8 16. Rf2 Qd7 17. Rd2 Rcd8 18. Bb6 Rc8 19. g4 Rf8 20. e5 Ne8 21. Ne4 Qe6
22. Ng5 Qd7 23. Qe1 Bxg2 24. Rxg2 dxe5 25. fxe5 h6 26. Nf3 Nc7 27. Nd4 Na8 28.
Ba7 Nc7 29. Rd1 Qd5 30. Re2 Nb5 31. Nf5 Qe6 32. Nxg7 Kxg7 33. Bb6 Rc4 34. Red2
Rfc8 35. c3 Rb8 36. Rd7 Ra4 37. Bc5 Ra2 38. R1d2 Rxb2 39. Rxe7 Rxd2+ 40. Qxd2
Qc6 41. Qf2 Qd5 42. e6 Rf8 43. Rxf7+ Rxf7 44. Qxf7+ Kh8 45. Qe8+ 1-0

[Event "ODEM U25A 2011"]
[Site "Oberhof GER"]
[Date "2011.06.14"]
[Round "4"]
[White "Kast, Joannis"]
[Black "Dietrich, Franz"]
[Result "1-0"]
[Termination "normal"]
[Board "34"]
[WhiteElo "1745"]
[BlackElo "1509"]
[PlyCount "95"]
[WhiteFideId "24698776"]
[BlackFideId "1270312"]
[EventCountry "GER"]
[EventRounds "9"]
[EventType "swiss"]
[EventDate "2011.06.11"]

1. e4 e5 2. Nf3 Nf6 3. Nxe5 d6 4. Nf3 Nxe4 5. Nc3 Nf6 6. d4 Bg4 7. Be2 Be7 8.
Be3 O-O 9. Qd2 Nbd7 10. O-O-O d5 11. h3 Be6 12. g4 Bb4 13. Bd3 c5 14. dxc5 Nxc5
15. Bxc5 Bxc5 16. Ne5 Bd6 17. f4 Qc7 18. Nb5 Qb6 19. Nxd6 Qxd6 20. Qe2 Qc7 21.
g5 Ne4 22. Rdg1 f6 23. gxf6 Rxf6 24. Bxe4 dxe4 25. Qxe4 Bf5 26. Qe2 Raf8 27.
Rh2 Be6 28. Rhg2 g6 29. a3 Bd5 30. Rg5 Qe7 31. Qd3 Be6 32. h4 Bf5 33. Qc4+ Kg7
34. Qd4 a6 35. h5 Rd8 36. Qf2 Rfd6 37. Rxf5 Rd1+ 38. Rxd1 Rxd1+ 39. Kxd1 gxf5
40. Qg3+ Kh6 41. Ke2 b5 42. b3 Qf6 43. c4 bxc4 44. bxc4 Qe7 45. a4 a5 46. c5
Qf6 47. c6 Qe7 48. c7 1-0

[Event "ODEM U25A 2011"]
[Site "Oberhof GER"]
[Date "2011.06.14"]
[Round "4"]
[White "Prosvetov, Ivan"]
[Black "Zeller, Lukas"]
[Result "1-0"]
[Termination "normal"]
[Board "35"]
[WhiteElo "2045"]
[BlackElo "1662"]
[PlyCount "63"]
[WhiteFideId "24123900"]
[BlackFideId "1271152"]
[EventCountry "GER"]
[EventRounds "9"]
[EventType "swiss"]
[EventDate "2011.06.11"]

1. d4 e6 2. Nf3 Nf6 3. Bf4 d5 4. e3 c5 5. c3 Nc6 6. Nbd2 c4 7. b3 b5 8. a4 cxb3
9. Bxb5 Bd7 10. Nxb3 Ne4 11. Qc2 Rc8 12. Qb2 Nxc3 13. O-O Ne4 14. Ba6 Rc7 15.
Bxc7 Qxc7 16. Rfc1 Qb6 17. Bb5 Be7 18. Nc5 Nxc5 19. dxc5 Qd8 20. Nd4 Nxd4 21.
exd4 O-O 22. Bxd7 Qxd7 23. c6 Qc8 24. Qb7 Bd6 25. Qxc8 Rxc8 26. Rab1 Bc7 27.
Rb7 a5 28. Rcb1 g6 29. Ra7 Bd8 30. Rd7 Bf6 31. c7 Kg7 32. Rb8 1-0

[Event "ODEM U25A 2011"]
[Site "Oberhof GER"]
[Date "2011.06.14"]
[Round "4"]
[White "Holle, Eric"]
[Black "Mehling, Franziska"]
[Result "0-1"]
[Termination "normal"]
[Board "36"]
[WhiteElo "1685"]
[BlackElo "1542"]
[PlyCount "52"]
[WhiteFideId "4624610"]
[BlackFideId "12900133"]
[EventCountry "GER"]
[EventRounds "9"]
[EventType "swiss"]
[EventDate "2011.06.11"]

1. e4 e6 2. d4 d5 3. e5 c5 4. c3 Nc6 5. Nf3 Qb6 6. Be2 f6 7. O-O fxe5 8. dxe5
Nge7 9. Bd3 Bd7 10. Nbd2 O-O-O 11. Re1 a6 12. Rb1 g5 13. b4 c4 14. Bxc4 dxc4
15. Nxc4 Qc7 16. Nd6+ Kb8 17. Nf7 Bg7 18. Nxd8 Rxd8 19. Qb3 Nxe5 20. Nd4 Ng4
21. g3 Qb6 22. Re4 e5 23. Rb2 exd4 24. Rxe7 dxc3 25. Rbe2 Bb5 26. Rc2 Rd1+ 0-1

[Event "ODEM U25A 2011"]
[Site "Oberhof GER"]
[Date "2011.06.14"]
[Round "4"]
[White "Bieg, Pascal"]
[Black "Allin, Alexander"]
[Result "1/2-1/2"]
[Termination "normal"]
[Board "37"]
[WhiteElo "1841"]
[BlackElo "1492"]
[PlyCount "61"]
[WhiteFideId "12915645"]
[BlackFideId "12903698"]
[EventCountry "GER"]
[EventRounds "9"]
[EventType "swiss"]
[EventDate "2011.06.11"]

1. d4 d5 2. c4 e6 3. Nc3 Nf6 4. Bg5 Nbd7 5. e3 Be7 6. Nf3 O-O 7. cxd5 exd5 8.
Bd3 c6 9. O-O Re8 10. Qc2 Nf8 11. h3 Ng6 12. Ne5 Nd7 13. Bxe7 Qxe7 14. Nxg6
hxg6 15. e4 dxe4 16. Nxe4 Nf6 17. Rfe1 Bf5 18. Nxf6+ Qxf6 19. Bxf5 Qxf5 20.
Qxf5 gxf5 21. Kf1 Kf8 22. Re2 Re7 23. Rxe7 Kxe7 24. Re1+ Kf6 25. Ke2 Re8+ 26.
Kd2 Rxe1 27. Kxe1 Ke6 28. Kd2 Kd5 29. Kd3 b5 30. b4 Kd6 31. Ke3 1/2-1/2

[Event "ODEM U25A 2011"]
[Site "Oberhof GER"]
[Date "2011.06.14"]
[Round "4"]
[White "Schiefer, Peter"]
[Black "Schreiber, Justina"]
[Result "1-0"]
[Termination "normal"]
[Board "38"]
[WhiteElo "1597"]
[BlackElo "1467"]
[PlyCount "53"]
[WhiteFideId "12913200"]
[BlackFideId "24661570"]
[EventCountry "GER"]
[EventRounds "9"]
[EventType "swiss"]
[EventDate "2011.06.11"]

1. d4 d5 2. Nf3 Nf6 3. c4 c6 4. Nc3 Bf5 5. e3 e6 6. Nh4 Bg4 7. Be2 Bxe2 8. Qxe2
Nbd7 9. Nf3 Bd6 10. Bd2 Qe7 11. c5 Bc7 12. O-O e5 13. b4 Ng8 14. dxe5 Nxe5 15.
e4 Nxf3+ 16. Qxf3 d4 17. Ne2 Be5 18. Rad1 Nf6 19. Bg5 Rd8 20. Qh3 Qc7 21. f4
Rd7 22. fxe5 Qxe5 23. Bxf6 gxf6 24. Qf5 Ke7 25. Rf3 Rhd8 26. Nf4 Qxf5 27. exf5
1-0

[Event "ODEM U25A 2011"]
[Site "Oberhof GER"]
[Date "2011.06.14"]
[Round "4"]
[White "Tarakanova, Valeria"]
[Black "Hübner, Alan-Ari"]
[Result "0-1"]
[Termination "normal"]
[Board "39"]
[WhiteElo "1740"]
[BlackElo "1625"]
[PlyCount "54"]
[WhiteFideId "24179205"]
[BlackFideId "12903965"]
[EventCountry "GER"]
[EventRounds "9"]
[EventType "swiss"]
[EventDate "2011.06.11"]

1. e4 c5 2. Nf3 d6 3. d4 cxd4 4. Nxd4 Nf6 5. Nc3 a6 6. Be3 e5 7. Nb3 Be6 8. Be2
Nbd7 9. O-O b5 10. f3 Nb6 11. Qe1 Nc4 12. Bxc4 Bxc4 13. Rf2 Be7 14. Rd1 Qc7 15.
Rfd2 O-O 16. Qg3 Be6 17. Bg5 Rfd8 18. Nc1 Nh5 19. Qh4 Bxg5 20. Qxg5 Nf4 21. Nd3
f6 22. Qg3 Nxd3 23. Rxd3 b4 24. Nd5 Bxd5 25. Rxd5 Qxc2 26. Rxd6 Rxd6 27. Rxd6
Qc5+ 0-1

[Event "ODEM U25A 2011"]
[Site "Oberhof GER"]
[Date "2011.06.14"]
[Round "4"]
[White "Wissel, Florian"]
[Black "Usczeck, Lukas"]
[Result "1/2-1/2"]
[Termination "normal"]
[Board "40"]
[WhiteElo "1676"]
[BlackElo "1524"]
[PlyCount "38"]
[BlackFideId "12937827"]
[EventCountry "GER"]
[EventRounds "9"]
[EventType "swiss"]
[EventDate "2011.06.11"]

1. d4 Nf6 2. Nf3 e6 3. c4 Bb4+ 4. Nc3 b6 5. Bg5 h6 6. Bh4 Bb7 7. e3 Bxc3+ 8.
bxc3 d6 9. Bd3 Nbd7 10. O-O O-O 11. Re1 Re8 12. e4 e5 13. Nd2 Qe7 14. Bg3 Qe6
15. f4 exf4 16. Bxf4 Qg4 17. Qxg4 Nxg4 18. h3 Ngf6 19. Re3 Re7 1/2-1/2

[Event "ODEM U25A 2011"]
[Site "Oberhof GER"]
[Date "2011.06.14"]
[Round "5"]
[White "Mazarov, Jürgen"]
[Black "ten Hagen, Yorick"]
[Result "1/2-1/2"]
[Termination "normal"]
[Board "1"]
[WhiteElo "2153"]
[BlackElo "2197"]
[PlyCount "141"]
[WhiteFideId "24617768"]
[BlackFideId "1020072"]
[EventCountry "GER"]
[EventRounds "9"]
[EventType "swiss"]
[EventDate "2011.06.11"]

1. e4 c5 2. Nf3 g6 3. d4 cxd4 4. Nxd4 Nc6 5. c4 Bg7 6. Be3 Nf6 7. Nc3 Ng4 8.
Qxg4 Nxd4 9. Qd1 Ne6 10. Rc1 Qa5 11. Qd2 b6 12. Be2 Bb7 13. f3 h5 14. O-O g5
15. a3 h4 16. Rfd1 d6 17. Nd5 Qxd2 18. Rxd2 Rc8 19. b4 Be5 20. Bf1 Rg8 21. h3
Rg6 22. a4 Nd8 23. Ra2 Nc6 24. a5 bxa5 25. b5 Nd4 26. Rd1 Nb3 27. Bxa7 e6 28.
Ne3 Ra8 29. Bb6 Ke7 30. Ng4 Bc3 31. Bd3 Rgg8 32. Bc2 a4 33. Bc7 Bd4+ 34. Kf1
Bc5 35. e5 d5 36. Nf6 Rgc8 37. cxd5 exd5 38. b6 Ba6+ 39. Bd3 Bb7 40. Be2 Nd4
41. Bd3 a3 42. Rc1 Bxb6 43. Bd6+ Ke6 44. Rb1 Ba6 45. Rxb6 Bxd3+ 46. Kf2 Rc6 47.
Rxc6 Nxc6 48. Rxa3 Rxa3 49. Bxa3 Nxe5 50. Ng4 Nc4 51. Bc5 f5 52. Ne3 Ne5 53.
Nd1 Ba6 54. Nb2 Nc6 55. g3 hxg3+ 56. Kxg3 d4 57. h4 gxh4+ 58. Kxh4 Kd5 59. Bf8
Ne5 60. Kg3 Be2 61. Bg7 Ng6 62. Kf2 Bb5 63. Bh6 Ne5 64. Bd2 Ke6 65. Kg3 Bc6 66.
f4 Nf3 67. Ba5 Be4 68. Nc4 d3 69. Nd2 Nd4 70. Kf2 Nc2 71. Bc3 1/2-1/2

[Event "ODEM U25A 2011"]
[Site "Oberhof GER"]
[Date "2011.06.14"]
[Round "5"]
[White "Müller, Philipp"]
[Black "Nötzel, Felix"]
[Result "0-1"]
[Termination "normal"]
[Board "3"]
[WhiteElo "2035"]
[BlackElo "2042"]
[PlyCount "82"]
[WhiteFideId "24683701"]
[BlackFideId "24637416"]
[EventCountry "GER"]
[EventRounds "9"]
[EventType "swiss"]
[EventDate "2011.06.11"]

1. e4 d5 2. e5 c5 3. f4 Nc6 4. Nf3 Bg4 5. Bb5 e6 6. O-O Nge7 7. d3 Qb6 8. Nc3
Nf5 9. Bxc6+ Qxc6 10. h3 Bxf3 11. Qxf3 Be7 12. Ne2 O-O-O 13. Bd2 f6 14. Bc3 h5
15. Ng3 Nxg3 16. Qxg3 d4 17. Bd2 h4 18. Qe1 f5 19. Qe2 g5 20. fxg5 Rdg8 21. b4
Bxg5 22. bxc5 Qxc5 23. Kh2 Qd5 24. Bxg5 Rxg5 25. Rf4 Rhg8 26. Rg1 Rg3 27. c4
dxc3 28. Rc4+ Kb8 29. Rxc3 Rxg2+ 30. Rxg2 Rxg2+ 31. Qxg2 Qxe5+ 32. Kg1 Qxc3 33.
Qg8+ Qc8 34. Qg5 Qh8 35. Kg2 a6 36. Qf4+ Ka8 37. Qc7 Qb2+ 38. Kf3 Qd4 39. Ke2
Ka7 40. Qe7 e5 41. Qg5 f4 0-1

[Event "ODEM U25A 2011"]
[Site "Oberhof GER"]
[Date "2011.06.14"]
[Round "5"]
[White "Wurm, Alexander"]
[Black "Baier, Christoph"]
[Result "0-1"]
[Termination "normal"]
[Board "5"]
[WhiteElo "2062"]
[BlackElo "1898"]
[PlyCount "66"]
[WhiteFideId "24637246"]
[BlackFideId "24655759"]
[EventCountry "GER"]
[EventRounds "9"]
[EventType "swiss"]
[EventDate "2011.06.11"]

1. e4 c5 2. Nf3 Nc6 3. d4 cxd4 4. Nxd4 g6 5. Nc3 Bg7 6. Be3 Nf6 7. f3 O-O 8.
Bc4 d6 9. Qd2 Bd7 10. O-O-O Rc8 11. Bb3 Ne5 12. g4 b5 13. h4 a5 14. h5 a4 15.
hxg6 axb3 16. gxh7+ Kh8 17. axb3 b4 18. Nb1 Qa5 19. Bh6 Ne8 20. Rh5 Rc5 21.
Rdh1 Bb5 22. Nf5 Qa1 23. Nxg7 Nd3+ 24. Kd1 Rxh5 25. Rxh5 Qxb1+ 26. Ke2 Ne5+ 27.
Ke3 Qg1+ 28. Kf4 Ng6+ 29. Kg5 Nxg7 30. Bxg7+ Kxg7 31. h8=Q+ Rxh8 32. Rxh8 f6+
33. Kf5 Bd7# 0-1

[Event "ODEM U25A 2011"]
[Site "Oberhof GER"]
[Date "2011.06.14"]
[Round "5"]
[White "Walter, Florian"]
[Black "Bach, Jannik"]
[Result "1-0"]
[Termination "normal"]
[Board "6"]
[WhiteElo "2083"]
[BlackElo "1772"]
[PlyCount "51"]
[WhiteFideId "24677450"]
[BlackFideId "24615900"]
[EventCountry "GER"]
[EventRounds "9"]
[EventType "swiss"]
[EventDate "2011.06.11"]

1. c4 Nf6 2. Nc3 g6 3. g3 Bg7 4. Bg2 O-O 5. Nf3 c6 6. O-O d5 7. d3 dxc4 8. dxc4
Qxd1 9. Rxd1 Be6 10. Nd2 Nbd7 11. b3 Rad8 12. Ba3 Rfe8 13. Nf3 Ng4 14. Nd4 Nf8
15. e3 Bc8 16. h3 Nf6 17. Bc5 N6d7 18. Bxa7 e5 19. Nde2 f5 20. Na4 Ne6 21. Rac1
Bh6 22. Nb6 f4 23. Nxc8 fxe3 24. Bxe3 Bxe3 25. fxe3 Rxc8 26. Rxd7 1-0

[Event "ODEM U25A 2011"]
[Site "Oberhof GER"]
[Date "2011.06.14"]
[Round "5"]
[White "Adelhütte, Dennis"]
[Black "Weber, Max"]
[Result "1/2-1/2"]
[Termination "normal"]
[Board "7"]
[WhiteElo "2003"]
[BlackElo "2023"]
[PlyCount "43"]
[WhiteFideId "4661265"]
[BlackFideId "4624831"]
[EventCountry "GER"]
[EventRounds "9"]
[EventType "swiss"]
[EventDate "2011.06.11"]

1. e4 c5 2. c3 d5 3. exd5 Qxd5 4. d4 Nf6 5. Nf3 e6 6. Be2 Be7 7. O-O O-O 8. c4
Qd7 9. dxc5 Rd8 10. Qxd7 Nbxd7 11. Nc3 Nxc5 12. Bf4 b6 13. Rad1 Bb7 14. Nb5
Nce4 15. Bc7 Rdc8 16. Bd6 Kf8 17. Rd4 a6 18. Bxe7+ Kxe7 19. Na3 Rd8 20. Rfd1
Rxd4 21. Nxd4 Rc8 22. Bf3 1/2-1/2

[Event "ODEM U25A 2011"]
[Site "Oberhof GER"]
[Date "2011.06.14"]
[Round "5"]
[White "Figura, Atila Gajo"]
[Black "Berger, Manuel"]
[Result "1-0"]
[Termination "normal"]
[Board "9"]
[WhiteTitle "FM"]
[WhiteElo "2364"]
[BlackElo "1924"]
[PlyCount "37"]
[WhiteFideId "4688058"]
[BlackFideId "24692506"]
[EventCountry "GER"]
[EventRounds "9"]
[EventType "swiss"]
[EventDate "2011.06.11"]

1. e4 c5 2. Nf3 Nc6 3. Bb5 a6 4. Bxc6 bxc6 5. O-O d6 6. Re1 e5 7. c3 Bg4 8. d4
cxd4 9. cxd4 exd4 10. h3 Bxf3 11. Qxf3 Qf6 12. Bf4 Qe6 13. Nd2 Be7 14. Rac1 Rc8
15. Nc4 f6 16. Qg3 g5 17. Bxd6 c5 18. e5 f5 19. Bxe7 1-0